Представление документа в формате RUSMARC

ПолеНазваниеЗначение
  Тип записи a
  Библиографический уровень m
001 Контрольный номер d52669812a454aceaa47d664ec55081e
005 Дата корректировки 20170609135724.5
010 Индекс ISBN __
a ISBN 978-5-16-004805-5
d Цена 869 руб. 00 к.
101 Язык документа 0_
a Язык текста rus
102 Страна публикации __
a Страна публикации RU
200 Заглавие и сведения об ответственности 1_
a Заглавие Документационное обеспечение управления (делопроизводство)
e Сведения, относящиеся к заглавию учеб. пособие
f Первые сведения об ответственности Т.А. Быков, Т.В. Кузнецова, Л.В. Санкина
205 Сведения об издании __
a Основные сведения об издании 2-е. изд
b Дополнительные сведения об издании пераб. и доп.
210 Выходные данные 1_
a Место издания М.:
c Издательство ИНФРА-М
d Дата издания 2017
215 Физическое описание __
a Объем 304 с.
610 Ключевые слова 0_
a Ключевые слова документирование управленческой деятельности
a Ключевые слова организация работы с документами
a Ключевые слова подготовка документов к передаче в архив организации
686 Индексы других классификаций __
a Классификационный индекс 65.050.2я73
700 Автор _1
a Фамилия Быкова Т.А.
801 Источник записи _0
a Страна RU
b Организация РУК
g Правила каталогизации PSBO
801 Источник записи _1
a Страна RU
b Организация РУК
g Правила каталогизации PSBO
901 Тип документа __
t Тип документа m
937 Технологическая информация __
a Создатель записи (имя) Иванова
938 Служебная информация __
a Название организации Краснодарский филиал
952 Тип литературы __
b Гриф литературы для ВШ гриф УМО